ANIME BY THEIR TERRIBLE DESCRIPTION 2 - Statistics

General Stats
  • This quiz has been taken 132 times
  • The average score is 7 of 16
Answer Stats
Hint Answer % Correct
Kid has black-blue hair and plays soccer Blue Lock
81%
Spies and a goofy kid pretend to be a family Spy X Family
78%
Kid plays volleyball and has orange hair Haikyu
77%
People get sent to a video game to fight the villain Sword Art Online
53%
Dripped out kid with yellow hair plays cards Yu-Gi-Oh
48%
Weird girl can’t talk and random guy is in love with her Komi Can’t Communicate
46%
Grey haired annoying kid wants to get magic Black Clover
44%
Prince tries to take over the world Code Geass
44%
Mecha robots needs to fight aliens Evangellion
42%
Blue cat and generic protagonists want to be magical Fairy Tail
37%
Bully falls in love with annoying girl A Silent Voice
32%
Schoolgirl can become a superhero and has a cat Sailor Moon
30%
Illegal, vile stuff. Also a pig Seven Deadly Sins
24%
Lady becomes old and becomes friends with Christian Bale Howl’s Moving Castle
19%
Powerful family with blond annoying guy ruining them Jojo’s Bizarre Adventure
13%
Girl wants to make a sword to kill monsters Soul Eater
3%
No matching quizzes found
Score Distribution
Percent of People with Each Score
Percentile by Number Answered
Your Score History
You have not taken this quiz